| 000 | 00487nam a2200169 i 4500 | ||
|---|---|---|---|
| 001 | 55046 | ||
| 003 | ES-MaACL | ||
| 005 | 20230906163054.0 | ||
| 007 | t| | ||
| 008 | 030911s1961 sp ||||1| spa d | ||
| 100 | 1 |
_aDelgado, Honorio. _943407 |
|
| 245 | 1 | 3 |
_aEl médico, la medicina y el alma / _cHonorio Delgado. |
| 250 | _a2ª ed. corr. y aum. | ||
| 260 |
_aBarcelona : _bEd. Científico-Médica, _c1961. |
||
| 300 |
_aVIII, 146 p. ; _c21 cm. |
||
| 852 |
_aES-MaACL _jC-20520 _bR.48755 |
||
| 999 |
_c55046 _d55046 |
||